[Event "Novi Sad Winter op"]
[Site "Novi Sad"]
[Date "2014.01.15"]
[Round "8"]
[White "Jakovljevic, Zoran"]
[Black "Drazic, Sinisa"]
[Result "0-1"]
[WhiteElo "2122"]
[BlackElo "2421"]
[PlyCount "66"]
[EventDate "2014.01.10"]
[EventType "swiss"]
[EventRounds "9"]
[EventCountry "SRB"]
[SourceTitle "CBM 158 Extra"]
[Source "ChessBase"]
[SourceDate "2014.02.28"]
[SourceVersion "1"]
[SourceVersionDate "2014.02.28"]
[SourceQuality "1"]

1. e4 c5 2. Nf3 e6 3. d4 cxd4 4. Nxd4 a6 5. Nc3 Qc7 6. Be2 Bb4 7. 0-0 Nf6 8. Qd3 0-0 9. Bg5 Bxc3 10. bxc3 Qe5 11. Bxf6 Qxf6 12. f4 d6 13. a4 e5 14. fxe5 Qxe5 15. Nf5 Bxf5 16. Rxf5 Qe7 17. Rd1 Nc6 18. Rd5 Rad8 19. Bf3 Ne5 20. Qd4 Qc7 21. Rxd6 Rxd6 22. Qxd6 Qxc3 23. Be2 Qe3+ 24. Kf1 Qf4+ 25. Bf3 Qxh2 26. Kf2 Nxf3 27. Kxf3 Qh5+ 28. Kf2 Qh4+ 29. Kf3 h5 30. Qf4 Qe7 31. Qd6 Qg5 32. Qf4 Qc5 33. Rd2 Qa3+ 0-1

[Event "Belgrade Winter op"]
[Site "Belgrade"]
[Date "2007.01.28"]
[Round "5"]
[White "Jedjini, Pavel"]
[Black "Jakovljevic, Zoran"]
[Result "0-1"]
[WhiteElo "1954"]
[BlackElo "2095"]
[PlyCount "136"]
[EventDate "2007.01.24"]
[EventType "swiss"]
[EventRounds "9"]
[EventCountry "YUG"]
[SourceTitle "EXT 2010"]
[Source "ChessBase"]
[SourceDate "2010.11.25"]
[SourceVersion "1"]
[SourceVersionDate "2010.11.25"]
[SourceQuality "1"]

1. d4 Nf6 2. Nf3 g6 3. e3 Bg7 4. c4 d6 5. b3 0-0 6. Bb2 c6 7. Bd3 Qa5+ 8. Nbd2 Nbd7 9. 0-0 e5 10. Qc2 Nh5 11. Bc3 Qc7 12. e4 Nf4 13. Rfe1 g5 14. h3 exd4 15. Nxd4 Ne5 16. Bf1 Qd8 17. Nf5 Bxf5 18. exf5 g4 19. hxg4 Qh4 20. Bxe5 Bxe5 21. Nf3 Qxg4 22. Nxe5 dxe5 23. Re3 Kh8 24. Rg3 Qh4 25. Qc3 f6 26. Rd1 Qh5 27. Rd7 Rad8 28. Qb4 Qxf5 29. Rxd8 Rxd8 30. Qe7 Rg8 31. Rxg8+ Kxg8 32. Qxb7 Qb1 33. Qa8+ Kg7 34. Qxa7+ Kg6 35. Qe3 Qxa2 36. Bd3+ Kg7 37. b4 Qa3 38. Be4 Qxb4 39. Qa7+ Kf8 40. Qa8+ Ke7 41. Qxc6 Qe1+ 42. Kh2 Qxf2 43. Qc7+ Kf8 44. Qxh7 Ne6 45. Qh8+ Ke7 46. Qh7+ Kd6 47. Qb7 Nd8 48. Qd5+ Ke7 49. c5 Qd4 50. Kg3 Qxd5 51. Bxd5 Ne6 52. Kf3 Nxc5 53. g4 Kd6 54. Bf7 Ne6 55. Bg8 Ng5+ 56. Ke3 Ke7 57. Bb3 Kf8 58. Kf2 Kg7 59. Bd5 Kg6 60. Kg3 Nf7 61. Kh4 Nd6 62. Bb3 Kh6 63. Bc2 Nf7 64. Bb3 Ng5 65. Bc2 Nf3+ 66. Kg3 Nd4 67. Be4 Kg5 68. Bb7 Ne2+ 0-1

[Event "Belgrade Winter op"]
[Site "Belgrade"]
[Date "2007.01.27"]
[Round "4"]
[White "Jakovljevic, Zoran"]
[Black "Rosandic, Martin"]
[Result "1/2-1/2"]
[WhiteElo "2095"]
[BlackElo "1799"]
[PlyCount "96"]
[EventDate "2007.01.24"]
[EventType "swiss"]
[EventRounds "9"]
[EventCountry "YUG"]
[SourceTitle "EXT 2010"]
[Source "ChessBase"]
[SourceDate "2010.11.25"]
[SourceVersion "1"]
[SourceVersionDate "2010.11.25"]
[SourceQuality "1"]

1. g3 d5 2. Bg2 Nf6 3. d3 c6 4. h3 e5 5. Nf3 Bd6 6. 0-0 Qc7 7. Nc3 Nbd7 8. e4 Nb6 9. Re1 d4 10. Ne2 0-0 11. Nh4 Re8 12. Rf1 Nbd7 13. f4 c5 14. b3 exf4 15. gxf4 Bf8 16. Ng3 Nb6 17. Nh5 Nxh5 18. Qxh5 g6 19. Qg5 h6 20. Qg3 Bg7 21. Bd2 Kh7 22. e5 g5 23. fxg5 Bxe5 24. Rxf7+ Kg8 25. Rxc7 Bxg3 26. Rxc8 Raxc8 27. Nf5 Re2 28. Rd1 Bf2+ 29. Kf1 Rce8 30. Nxh6+ Kf8 31. Be4 Rxd2 32. Rxd2 Be3 33. Rg2 Re5 34. Nf5 Nd5 35. g6 Rxf5+ 36. Bxf5 Kg7 37. Be4 Nf4 38. Rg3 b6 39. Rg4 Nxh3 40. Rh4 Ng5 41. Kg2 b5 42. Rh7+ Nxh7 43. gxh7 a5 44. Bf5 Bg5 45. Kf3 a4 46. Ke4 axb3 47. cxb3 b4 48. Kd5 Be7 1/2-1/2

[Event "Belgrade Winter op"]
[Site "Belgrade"]
[Date "2007.01.25"]
[Round "2"]
[White "Jakovljevic, Zoran"]
[Black "Jovicic, Radosav"]
[Result "0-1"]
[WhiteElo "2095"]
[BlackElo "2278"]
[PlyCount "51"]
[EventDate "2007.01.24"]
[EventType "swiss"]
[EventRounds "9"]
[EventCountry "YUG"]
[SourceTitle "EXT 2010"]
[Source "ChessBase"]
[SourceDate "2010.11.25"]
[SourceVersion "1"]
[SourceVersionDate "2010.11.25"]
[SourceQuality "1"]

1. g3 g6 2. d3 Bg7 3. Bg2 d6 4. Nc3 c5 5. h3 Nc6 6. e4 e6 7. Nge2 Nge7 8. f4 0-0 9. h4 e5 10. h5 Bg4 11. hxg6 fxg6 12. Be3 Nd4 13. Qd2 b5 14. Rh4 Qd7 15. Bxd4 cxd4 16. Nd1 Rae8 17. f5 gxf5 18. Nf2 Ng6 19. Rh2 f4 20. Nxg4 Qxg4 21. Bh3 Qg5 22. Bf5 Rxf5 23. exf5 Qxf5 24. 0-0-0 f3 25. Rf2 Qh5 26. g4 0-1